حتى مطلع الفجر : (Record no. 17236)
[ view plain ]
| 000 -الفاتح | |
|---|---|
| حقل البيانات ثابتة الطول | 00811 am a22001934a 4500 |
| 008 - عناصر البيانات ثابتة الطول - معلومات عامة | |
| حقل البيانات ثابتة الطول | 120219s2011 qa g 000 0 ara d |
| 020 ## - الرقم الدولى المعيارى للكتب | |
| الرقم الدولى المعيارى للكتاب | 9789992194126 |
| 082 04 - رقم تصنيف ديوى العشرى | |
| رقم التصنيف | 320.962 |
| رقم الطبعة | 21 |
| رقم المادة | ف ض ل |
| 100 1# - المدخل الرئيسى - إسم شخصى | |
| الإسم الشخصى | فضل، بلال. |
| 9 (RLIN) | 23854 |
| 245 10 - بيان العنوان | |
| العنوان | حتى مطلع الفجر : |
| بقية العنوان | شهادتي على مصر قبيل إسقاط نظام مبارك (2010 - 2011) / |
| بيان المسئوليه,etc | بلال فضل. |
| 250 ## - بيان الطبعة | |
| بيان الطبعة | ط. 1. |
| 260 ## - PUBLICATION, DISTRIBUTION, ETC. (IMPRINT) | |
| مكان الناشر او الموزع | الدوحة : |
| اسم الناشر او الموزع | دار بلومزبري - مؤسسة قطر للنشر، |
| تاريخ النشر أو التوزيع | 2011. |
| 300 ## - الوصف المادى | |
| التعداد | 270 ص. ؛ |
| أبعاد الوعاء | 24 سم. |
| 500 ## - تبصرة عامة | |
| تبصرة عامة | الجزء الثاني 2011 - 2011 |
| 651 #4 - المدخل الاضافى بالموضوع - اسم جغرافى | |
| الاسم الجغرافي | مصر |
| التقسيم الفرعي العام | الأحوال السياسية. |
| 9 (RLIN) | 32416 |
| 651 #4 - المدخل الاضافى بالموضوع - اسم جغرافى | |
| الاسم الجغرافي | مصر |
| التقسيم الفرعي العام | تاريخ |
| التقسيم الفرعي الزمني | العصر الحديث |
| التقسيم الفرعي العام | حسني مبارك (1981 - 2011) |
| 9 (RLIN) | 32415 |
| 653 ## - مصطلح تكشيفى غير مقيد | |
| Resource For college | |
| Arrived date list | February2013 |
| 942 ## - عناصر المدخل الإضافي( كوها) | |
| مصدر التصنيف او مخطط الترفيف | Dewey Decimal Classification |
| Koha [default] item type | Book - Borrowing |
| حالة التراجع | حالة الفقد | مصدر التصنيف او خطة الترفيف | حالة تلف | ليس للاعارة | مجموعات كوها | المكان الدائم | المكان الحالي | موقع الترفيف | تاريخ الاكتساب | Source of acquisition | سعر الشراء الطبيعي | تعداد مسلسل / التسلسل الزمني | رقم الاستدعاء | الباركود | Date last seen | مُعار | نوع الوعاء |
|---|---|---|---|---|---|---|---|---|---|---|---|---|---|---|---|---|---|
| Dewey Decimal Classification | كتابي | Central Library | Central Library | First floor | 06/02/2013 | 40.00 | 26269 | 320.962 ف ض ل | 000028013 | 06/11/2025 | 22/02/2025 | Book - Borrowing |